00261nam a2200109Ia 4500008004100000041000800041082001500049100001400064245002300078250000900101260004100110230627s9999 xx 000 0 und d amar a320.5bNAI aNair C. S aGandhi And Anarchy a2ed. aNew DelhibMittal Publicationsc1922